000 00577cam a2200205 4500500
005 20260329004432.0
041 _afre
042 _adc
100 1 0 _aEnjalbert, Cédric
_eauthor
245 0 0 _aDéfaire le mur
260 _c2019.
500 _a10
690 _aExil
690 _aFrontière
690 _aHomère
690 _aRégis Debray
690 _aThéâtre
786 0 _nPhilosophie magazine | 134 | 11 | 2019-11-01 | p. 66-66 | 1951-1787
856 4 1 _uhttps://shs.cairn.info/magazine-philosophie-magazine-2019-11-page-66?lang=fr&redirect-ssocas=7080
999 _c1833830
_d1833830